[Event "FRA Team Ch"]
[Site "VANDOEUVRE"]
[Date "2002.??.??"]
[Round "5.3"]
[White "Khenkin, Igor"]
[Black "Komarov, Dimitri"]
[Result "1/2-1/2"]
[WhiteElo "2584"]
[BlackElo "2537"]
[PlyCount "71"]
[EventDate "2002.03.??"]
[WhiteTeam "Nancy"]
[BlackTeam "Drancy"]

1. d4 Nf6 2. c4 e6 3. Nf3 b6 4. a3 Ba6 5. Qc2 Bb7 6. Nc3 c5 7. e4 cxd4 8. Nxd4
Bc5 9. Nb3 Nc6 10. Bg5 h6 11. Bh4 Nd4 12. Nxd4 Bxd4 13. Bd3 Be5 14. Bg3 d6 15.
Bxe5 dxe5 16. Qa4+ Qd7 17. Qxd7+ Kxd7 18. Ke2 Ke7 19. Rac1 Rhd8 20. Rhd1 Ba6
21. f3 Rac8 22. b3 Nd7 23. Ke3 Nb8 24. Be2 Rxd1 25. Bxd1 Nc6 26. c5 Nd4 27.
cxb6 axb6 28. Na2 Rxc1 29. Nxc1 Kd6 30. Nd3 g5 31. g3 Nc6 32. Nf2 f5 33. f4
exf4+ 34. gxf4 gxf4+ 35. Kxf4 Ne7 36. exf5 1/2-1/2

[Event "FRA Team Ch"]
[Site "VANDOEUVRE"]
[Date "2002.??.??"]
[Round "5.4"]
[White "Moracchini, Fabrice"]
[Black "Nezar, Mustapha"]
[Result "1/2-1/2"]
[WhiteElo "2311"]
[BlackElo "2380"]
[PlyCount "22"]
[EventDate "2002.03.??"]
[WhiteTeam "Drancy"]
[BlackTeam "Nancy"]

1. d4 d5 2. c4 c6 3. cxd5 cxd5 4. Nc3 Nf6 5. Nf3 Nc6 6. Bf4 Bf5 7. e3 e6 8. Bd3
Bd6 9. Bxd6 Qxd6 10. O-O O-O 11. Rc1 Rac8 1/2-1/2

[Event "FRA Team Ch"]
[Site "VANDOEUVRE"]
[Date "2002.??.??"]
[Round "5.5"]
[White "Arkell, Keith C"]
[Black "Godard, Maxence"]
[Result "1-0"]
[WhiteElo "2463"]
[BlackElo "2383"]
[PlyCount "153"]
[EventDate "2002.03.??"]
[WhiteTeam "Nancy"]
[BlackTeam "Drancy"]

1. d4 Nf6 2. Nf3 c5 3. d5 b5 4. Bg5 Qb6 5. Nc3 d6 6. Bxf6 exf6 7. e4 a6 8. a4
b4 9. Nb1 Nd7 10. a5 Qb8 11. Nbd2 Be7 12. Nc4 Ra7 13. Bd3 O-O 14. O-O Bd8 15.
c3 Ne5 16. Nfxe5 fxe5 17. cxb4 cxb4 18. Qd2 Bd7 19. b3 Rb7 20. Rfc1 Bc7 21. Ne3
Qd8 22. Bxa6 Rb8 23. Rc6 Bxa5 24. Nc4 Bc7 25. Rc1 Bxc6 26. dxc6 f5 27. Qd5+ Kh8
28. exf5 Rxf5 29. Ne3 Rf4 30. Qe6 Qf8 31. Nd5 Rf7 32. Bb7 Re8 33. Qh3 e4 34.
Qe3 Re5 35. Rd1 Bd8 36. Ba6 Qe8 37. Bc4 Qxc6 38. Nxb4 Qe8 39. Bxf7 Qxf7 40.
Rxd6 Bg5 41. f4 Rf5 42. Qxe4 Rxf4 43. Qa8+ Qf8 44. Qxf8+ Rxf8 45. Nd5 Rb8 46.
b4 h6 47. Rc6 Bd2 48. Rc4 Kg8 49. Kf2 Kf7 50. Ke2 Bg5 51. Kd3 Ke6 52. Kd4 Kd6
53. Nc3 Bf6+ 54. Kd3 Be5 55. h3 Ra8 56. Ne4+ Kd7 57. Rc5 Bc7 58. Kc4 Ra2 59.
Rd5+ Kc6 60. Rd2 Ra1 61. Rc2 Be5 62. Nc5 Bd6 63. Nd3 h5 64. Rc1 Ra3 65. Rf1 Ra7
66. Rf5 h4 67. Rg5 Re7 68. b5+ Kc7 69. Rg6 Bg3 70. b6+ Kc8 71. Nc5 Be5 72. Rc6+
Kb8 73. Re6 Rxe6 74. Nxe6 Bg3 75. Kb5 Kb7 76. Nc5+ Kc8 77. Kc6 1-0

[Event "FRA Team Ch"]
[Site "VANDOEUVRE"]
[Date "2002.??.??"]
[Round "5.6"]
[White "Salaun, Yann"]
[Black "Spielmann, Alain"]
[Result "1/2-1/2"]
[WhiteElo "2409"]
[BlackElo "2307"]
[PlyCount "105"]
[EventDate "2002.03.??"]
[WhiteTeam "Drancy"]
[BlackTeam "Nancy"]

1. e4 c6 2. d4 d5 3. e5 Bf5 4. c4 e6 5. Nc3 Ne7 6. Nf3 Nd7 7. h3 dxc4 8. Bxc4
Nb6 9. Bb3 Ned5 10. Bg5 f6 11. Bd2 Bd3 12. exf6 gxf6 13. Ne2 Bd6 14. O-O Rg8
15. Re1 Qd7 16. Ng3 Bxg3 17. fxg3 Rxg3 18. Bg5 Bf5 19. Bh4 Rg6 20. Kh1 h5 21.
Bf2 O-O-O 22. Nh4 Rg5 23. Qf3 Qd6 24. Bg1 Qg3 25. Qxg3 Rxg3 26. Nxf5 exf5 27.
Bh2 Re3 28. Rxe3 Nxe3 29. Be6+ Nd7 30. d5 Re8 31. Rc1 Kd8 32. dxc6 Rxe6 33.
cxb7 Ke7 34. Rc7 Rb6 35. b8=Q Rxb8 36. Rxd7+ Kxd7 37. Bxb8 a6 38. Ba7 Nc4 39.
b3 Nd2 40. Kg1 Ne4 41. Bd4 Ke6 42. Kf1 f4 43. Ke2 Kf5 44. b4 Ng5 45. Kd3 f3 46.
h4 fxg2 47. hxg5 fxg5 48. a4 Ke6 49. Ke4 h4 50. Bg1 h3 51. b5 axb5 52. axb5 Kd6
53. Kf5 1/2-1/2

[Event "FRA Team Ch"]
[Site "VANDOEUVRE"]
[Date "2002.??.??"]
[Round "5.7"]
[White "Philippe, Christophe"]
[Black "Doornbos, Yann"]
[Result "0-1"]
[WhiteElo "2325"]
[BlackElo "2334"]
[PlyCount "76"]
[EventDate "2002.03.??"]
[WhiteTeam "Nancy"]
[BlackTeam "Drancy"]

1. e4 e6 2. d4 d5 3. Nc3 Bb4 4. Nge2 Nf6 5. Bg5 h6 6. Bxf6 Qxf6 7. a3 Ba5 8.
exd5 O-O 9. Qd3 Rd8 10. O-O-O exd5 11. f4 c6 12. h3 Bc7 13. Qd2 h5 14. g4 hxg4
15. hxg4 Bxg4 16. Bh3 Bf3 17. Rh2 c5 18. Rf1 cxd4 19. Rxf3 dxc3 20. Rxc3 Nc6
21. Rd3 Re8 22. Kb1 Re4 23. Rf2 Bb6 24. Rf1 Ba5 25. c3 Rae8 26. Ng3 R4e7 27.
Nf5 Re2 28. Qd1 Rh2 29. Bg4 g6 30. Nd4 Bb6 31. Nf3 Rf2 32. Rxf2 Bxf2 33. Qd2
Bg3 34. Rxd5 Bxf4 35. Qd1 Rd8 36. Rd7 Kg7 37. Qd3 Rxd7 38. Qxd7 Qe7 0-1

[Event "FRA Team Ch"]
[Site "VANDOEUVRE"]
[Date "2002.??.??"]
[Round "5.9"]
[White "Mourot, Clara"]
[Black "Barakoff, Annie"]
[Result "1/2-1/2"]
[WhiteElo "2100"]
[BlackElo "1810"]
[PlyCount "54"]
[EventDate "2002.03.??"]
[WhiteTeam "Nancy"]
[BlackTeam "Drancy"]

1. e4 c6 2. d4 d5 3. Nc3 dxe4 4. Bc4 Nf6 5. f3 exf3 6. Nxf3 Bg4 7. Bxf7+ Kxf7
8. Ne5+ Ke8 9. Nxg4 Nbd7 10. O-O Nxg4 11. Qxg4 Nf6 12. Qh4 g6 13. Bg5 Bg7 14.
Rae1 Kf7 15. Be3 Rf8 16. Ne4 Kg8 17. Ng5 Qd5 18. Bf2 h6 19. Ne6 g5 20. Qh3 Ne4
21. Rxe4 Qxe4 22. Nxf8 Rxf8 23. c3 e5 24. dxe5 Qxe5 25. Re1 Qf4 26. Qe6+ Kh8
27. Bg3 Qf7 1/2-1/2

[Event "FRA Team Ch"]
[Site "VANDOEUVRE"]
[Date "2002.??.??"]
[Round "5.1"]
[White "Doettling, Fabian"]
[Black "Svidler, Peter"]
[Result "1/2-1/2"]
[WhiteElo "2540"]
[BlackElo "2688"]
[PlyCount "38"]
[EventDate "2002.03.??"]
[WhiteTeam "Strasbourg"]
[BlackTeam "NAO Chess Club"]

1. d4 Nf6 2. Nf3 g6 3. c4 Bg7 4. Nc3 d5 5. cxd5 Nxd5 6. e4 Nxc3 7. bxc3 c5 8.
Be3 Bg4 9. Qd2 Bxf3 10. gxf3 cxd4 11. cxd4 Nc6 12. Rd1 O-O 13. d5 Ne5 14. Be2
Rc8 15. O-O Qd7 16. Kg2 Nc4 17. Bxc4 Rxc4 18. Rc1 Rxe4 19. fxe4 Qg4+ 1/2-1/2

[Event "FRA Team Ch"]
[Site "VANDOEUVRE"]
[Date "2002.??.??"]
[Round "5.2"]
[White "Fressinet, Laurent"]
[Black "Kallai, Gabor"]
[Result "1-0"]
[WhiteElo "2591"]
[BlackElo "2549"]
[PlyCount "59"]
[EventDate "2002.03.??"]
[WhiteTeam "NAO Chess Club"]
[BlackTeam "Strasbourg"]

1. e4 c6 2. d4 d5 3. Nc3 dxe4 4. Nxe4 Bf5 5. Ng3 Bg6 6. h4 h6 7. Nf3 Nd7 8. h5
Bh7 9. Bd3 Bxd3 10. Qxd3 e6 11. Bf4 Qa5+ 12. Bd2 Bb4 13. Ne4 Ngf6 14. Nd6+ Ke7
15. Nc4 Bxd2+ 16. Nfxd2 Qd5 17. O-O-O Rhd8 18. Qa3+ c5 19. Na5 Kf8 20. Ndb3 b6
21. dxc5 Qg5+ 22. Kb1 Nxc5 23. Nxc5 bxc5 24. Qf3 Nxh5 25. Rxh5 Qxg2 26. Qe2
Qxf2 27. Qf1 Rd2 28. Nc4 Rxc2 29. Qd3 Kg8 30. Qxc2 1-0

[Event "FRA Team Ch"]
[Site "VANDOEUVRE"]
[Date "2002.??.??"]
[Round "5.3"]
[White "Roos, Louis"]
[Black "Lautier, Joel"]
[Result "0-1"]
[WhiteElo "2351"]
[BlackElo "2687"]
[PlyCount "74"]
[EventDate "2002.03.??"]
[WhiteTeam "Strasbourg"]
[BlackTeam "NAO Chess Club"]

1. e4 c5 2. Nf3 d6 3. Bb5+ Nd7 4. a4 Ngf6 5. Nc3 g6 6. O-O Bg7 7. h3 O-O 8. d3
a6 9. Bc4 b6 10. Bg5 e6 11. Qd2 Bb7 12. Rfe1 Qc7 13. Qf4 Rac8 14. Ba2 Nh5 15.
Qd2 Rfe8 16. g4 Nhf6 17. Qf4 Qb8 18. Nd2 Bc6 19. Nc4 b5 20. axb5 axb5 21. Ne3
b4 22. Ne2 d5 23. Qxb8 Rxb8 24. f3 Nb6 25. Bf4 Rb7 26. Bd6 Nfd7 27. c3 dxe4 28.
dxe4 Na4 29. Nc4 bxc3 30. b3 Nb2 31. Na5 Rb6 32. Rec1 Ra8 33. Bc7 Rxa5 34. Bxb6
Nxb6 35. Nxc3 Nd3 36. Rc2 Nb4 37. Rcc1 Nd7 0-1

[Event "FRA Team Ch"]
[Site "VANDOEUVRE"]
[Date "2002.??.??"]
[Round "5.4"]
[White "Spassky, Boris V"]
[Black "Roos, Daniel"]
[Result "1/2-1/2"]
[WhiteElo "2551"]
[BlackElo "2420"]
[PlyCount "80"]
[EventDate "2002.03.??"]
[WhiteTeam "NAO Chess Club"]
[BlackTeam "Strasbourg"]

1. e4 c6 2. d4 d5 3. e5 Bf5 4. h4 h5 5. c4 e6 6. Nc3 Nd7 7. Nf3 Ne7 8. a3 dxc4
9. Bxc4 Nd5 10. Ng5 Be7 11. Nxd5 cxd5 12. Bd3 Bxd3 13. Qxd3 Qb6 14. Rh3 Rc8 15.
Bd2 Qa6 16. Qxa6 bxa6 17. Rc1 Rxc1+ 18. Bxc1 Nb6 19. Rc3 Bd8 20. b3 O-O 21. Rc6
Nc8 22. Bd2 Ne7 23. Rxa6 Nf5 24. Bb4 Re8 25. Nf3 f6 26. Bc5 fxe5 27. Nxe5 Nxh4
28. g3 Nf5 29. Rxa7 Bf6 30. a4 g5 31. g4 Bxe5 32. gxf5 Bf6 33. fxe6 Rxe6+ 34.
Kf1 h4 35. Rb7 h3 36. Rb6 Re1+ 37. Kxe1 h2 38. Rxf6 h1=Q+ 39. Kd2 Kg7 40. Rf5
Qb1 1/2-1/2

[Event "FRA Team Ch"]
[Site "VANDOEUVRE"]
[Date "2002.??.??"]
[Round "5.5"]
[White "Szabolcsi, Janos"]
[Black "Horvath, Jozsef"]
[Result "0-1"]
[WhiteElo "2429"]
[BlackElo "2537"]
[PlyCount "76"]
[EventDate "2002.03.??"]
[WhiteTeam "Strasbourg"]
[BlackTeam "NAO Chess Club"]

1. d4 Nf6 2. c4 g6 3. Nc3 Bg7 4. e4 d6 5. Be2 O-O 6. Nf3 Na6 7. O-O e5 8. dxe5
dxe5 9. Qxd8 Rxd8 10. h3 Nc5 11. Bg5 c6 12. Rfd1 Re8 13. Nd2 Ne6 14. Be3 Nd4
15. Bd3 Be6 16. Nb3 Rad8 17. f4 Nxb3 18. axb3 exf4 19. Bxf4 a6 20. Na4 Nd7 21.
Bc2 b5 22. Nc3 bxc4 23. b4 c5 24. Bd6 cxb4 25. Bxb4 Rb8 26. Ba3 Bf8 27. Ba4
Red8 28. Bc6 Bxa3 29. Rxa3 Rxb2 30. Nd5 Kf8 31. Nc7 Ke7 32. Nd5+ Kf8 33. Nc7
Ke7 34. Nd5+ Bxd5 35. Bxd5 Ne5 36. Rxa6 c3 37. Rc1 c2 38. Ra2 Rxa2 0-1

[Event "FRA Team Ch"]
[Site "VANDOEUVRE"]
[Date "2002.??.??"]
[Round "5.6"]
[White "Maze, Sebastien"]
[Black "Roos, Jean-Luc"]
[Result "1-0"]
[WhiteElo "2349"]
[BlackElo "2302"]
[PlyCount "79"]
[EventDate "2002.03.??"]
[WhiteTeam "NAO Chess Club"]
[BlackTeam "Strasbourg"]

1. e4 e6 2. Qe2 c5 3. Nf3 Nc6 4. d3 d6 5. g3 g6 6. Bg2 Bg7 7. O-O Nge7 8. c3
O-O 9. Na3 b6 10. Bf4 Ba6 11. Rad1 Qd7 12. Bh3 Qc7 13. Nc4 e5 14. Bc1 d5 15.
exd5 Nxd5 16. Qe4 Nde7 17. Rfe1 Bb7 18. Qh4 f6 19. d4 Nxd4 20. cxd4 Bxf3 21. d5
Nf5 22. Bxf5 gxf5 23. Rd3 Be4 24. Rdd1 b5 25. Ne3 Qd7 26. Qh5 f4 27. gxf4 exf4
28. Ng4 Bg6 29. Qh4 h5 30. d6 Qxg4+ 31. Qxg4 hxg4 32. Bxf4 Rfd8 33. d7 Kf7 34.
Bc7 Bf8 35. Rd5 Be7 36. Bxd8 Rxd8 37. Kg2 f5 38. Kg3 Bf6 39. Rd6 Bxb2 40. Kf4 {
perte au temps} 1-0

[Event "FRA Team Ch"]
[Site "VANDOEUVRE"]
[Date "2002.??.??"]
[Round "5.7"]
[White "Mensch, Etienne"]
[Black "Sebag, Marie"]
[Result "1/2-1/2"]
[WhiteElo "2380"]
[BlackElo "2368"]
[PlyCount "127"]
[EventDate "2002.03.??"]
[WhiteTeam "Strasbourg"]
[BlackTeam "NAO Chess Club"]

1. d4 d5 2. Bg5 h6 3. Bh4 c6 4. e3 Qb6 5. b3 e5 6. Nf3 e4 7. Nfd2 Ne7 8. Be2
Nf5 9. Bg3 Be6 10. a4 Nd7 11. c4 Qd8 12. Nc3 a6 13. Bg4 Nf6 14. Bxf5 Bxf5 15.
c5 a5 16. Qb1 b6 17. b4 axb4 18. Qxb4 Nd7 19. Nb3 bxc5 20. dxc5 Nxc5 21. Nxc5
Ra5 22. Qd4 Rxc5 23. O-O Be7 24. a5 O-O 25. a6 Ra5 26. a7 Bc5 27. Qe5 Be6 28.
Qb8 Rxa7 29. Rxa7 Qxb8 30. Bxb8 Rxb8 31. Rc7 Rb6 32. Rc1 Bd6 33. Ra7 c5 34. h3
Kf8 35. Ra5 Rb3 36. Nb5 Be5 37. g4 c4 38. Ra8+ Ke7 39. Ra7+ Kf6 40. Nc7 Bb2 41.
Rc2 Be5 42. Kg2 c3 43. Rc1 Rb2 44. Nxe6 fxe6 45. Ra3 Ke7 46. Raxc3 Bxc3 47.
Rxc3 Kd6 48. Ra3 e5 49. Ra6+ Ke7 50. Ra7+ Ke6 51. Ra6+ Kd7 52. Ra7+ Kc6 53. Re7
Kd6 54. Rxg7 d4 55. Kf1 d3 56. Ke1 Rb1+ 57. Kd2 Rb2+ 58. Ke1 Re2+ 59. Kf1 Rc2
60. Ke1 Kd5 61. Rg6 Kc4 62. Rxh6 Rc1+ 63. Kd2 Rc2+ 64. Ke1 1/2-1/2

[Event "FRA Team Ch"]
[Site "VANDOEUVRE"]
[Date "2002.??.??"]
[Round "5.8"]
[White "De Sousa, Jose-Claude"]
[Black "Herbrechtsmeier, Christof"]
[Result "1-0"]
[WhiteElo "2274"]
[BlackElo "2345"]
[PlyCount "97"]
[EventDate "2002.03.??"]
[WhiteTeam "NAO Chess Club"]
[BlackTeam "Strasbourg"]

1. e4 c5 2. Nf3 Nc6 3. Bb5 g6 4. Bxc6 dxc6 5. d3 Bg7 6. h3 Nf6 7. Nc3 O-O 8.
Be3 b6 9. Qd2 Ne8 10. Bh6 Nc7 11. Bxg7 Kxg7 12. Nh2 h5 13. f4 e5 14. fxe5 Qh4+
15. Qf2 Qxf2+ 16. Kxf2 Re8 17. Nf3 Ne6 18. Ne2 Ba6 19. a4 Nf8 20. Nf4 Rad8 21.
a5 b5 22. Rhd1 Nd7 23. e6 fxe6 24. e5 Re7 25. h4 Rf8 26. Kg3 Rf5 27. Re1 Bc8
28. Re2 Nb8 29. Nh3 Na6 30. Nhg5 Rf8 31. Rd1 Rd8 32. Rf1 c4 33. dxc4 bxc4 34.
Nd2 c3 35. bxc3 Nc5 36. Ref2 Ba6 37. Rf7+ Rxf7 38. Rxf7+ Kg8 39. Ndf3 Ne4+ 40.
Kf4 Nxg5 41. Nxg5 Rd2 42. Rxa7 Bc4 43. a6 Rxc2 44. Ra8+ Kg7 45. a7 Ra2 46. Ne4
c5 47. Nf6 Bd5 48. Nxd5 exd5 49. e6 1-0

[Event "FRA Team Ch"]
[Site "VANDOEUVRE"]
[Date "2002.??.??"]
[Round "5.9"]
[White "Fruteau, Sabine"]
[Black "Lopez, Jorge"]
[Result "1/2-1/2"]
[WhiteElo "2107"]
[BlackElo "2262"]
[PlyCount "71"]
[EventDate "2002.03.??"]
[WhiteTeam "Strasbourg"]
[BlackTeam "NAO Chess Club"]

1. e4 g6 2. d4 Bg7 3. Bc4 d6 4. Nf3 Nf6 5. Nc3 O-O 6. O-O c6 7. e5 Ne8 8. Re1
b5 9. Bd3 dxe5 10. dxe5 Nc7 11. Be4 b4 12. Na4 Nd5 13. c4 bxc3 14. bxc3 Ba6 15.
Qb3 Qc8 16. Rb1 e6 17. Ba3 Re8 18. Nc5 Nd7 19. Nxa6 Qxa6 20. Bd6 N7b6 21. Nd4
Rac8 22. Rec1 Bh6 23. Rc2 c5 24. Nb5 c4 25. Qa3 Qxa3 26. Bxa3 Bf8 27. Bd6 a6
28. Bxd5 Nxd5 29. Na7 Rcd8 30. Nc6 Rd7 31. Bxf8 Kxf8 32. Kf1 Rc8 33. Nd4 Ke7
34. Ne2 Rc5 35. Rb8 Ra7 36. Rcb2 1/2-1/2

[Event "FRA Team Ch"]
[Site "SAUTRON"]
[Date "2002.03.30"]
[Round "5.1"]
[White "Banikas, Hristos"]
[Black "Belkhodja, Slim"]
[Result "1/2-1/2"]
[WhiteElo "2518"]
[BlackElo "2506"]
[PlyCount "48"]
[EventDate "2002.03.??"]
[WhiteTeam "Nice"]
[BlackTeam "Sautron"]

1. d4 d6 2. e4 Nf6 3. Nc3 Nbd7 4. Nf3 e5 5. Bc4 Be7 6. O-O O-O 7. Re1 c6 8. a4
a5 9. Ba2 exd4 10. Nxd4 Nc5 11. Qf3 Ng4 12. Nf5 Ne5 13. Nxe7+ Qxe7 14. Qg3 Be6
15. f4 Ned7 16. Nd5 Bxd5 17. exd5 Ne4 18. Qf3 Rae8 19. dxc6 bxc6 20. Be3 Ndf6
21. g4 Nd5 22. Bxd5 cxd5 23. Qg2 f5 24. g5 Qb7 1/2-1/2

[Event "FRA Team Ch"]
[Site "SAUTRON"]
[Date "2002.03.30"]
[Round "5.2"]
[White "Bunzmann, Dimitrij"]
[Black "Delchev, Aleksander"]
[Result "1/2-1/2"]
[WhiteElo "2469"]
[BlackElo "2591"]
[PlyCount "38"]
[EventDate "2002.03.??"]
[WhiteTeam "Sautron"]
[BlackTeam "Nice"]

1. d4 Nf6 2. c4 e6 3. Nf3 d5 4. Nc3 Bb4 5. Bg5 h6 6. Bxf6 Qxf6 7. e3 O-O 8. Rc1
dxc4 9. Bxc4 c5 10. dxc5 Bxc5 11. O-O Rd8 12. Ne4 Qe7 13. Qe2 Bb6 14. Rfd1 Nc6
15. Bb5 Rxd1+ 16. Qxd1 Bd7 17. Nd6 Nd4 18. Bxd7 Qxd6 19. Ba4 Nxf3+ 1/2-1/2

[Event "FRA Team Ch"]
[Site "SAUTRON"]
[Date "2002.03.30"]
[Round "5.3"]
[White "Nikolaidis, Ioannis"]
[Black "Dgebuadze, Alexandre"]
[Result "1/2-1/2"]
[WhiteElo "2527"]
[BlackElo "2544"]
[PlyCount "28"]
[EventDate "2002.03.??"]
[WhiteTeam "Nice"]
[BlackTeam "Sautron"]

1. d4 Nf6 2. Nf3 e6 3. g3 b6 4. Bg2 Bb7 5. O-O Be7 6. c4 O-O 7. Nc3 d5 8. cxd5
exd5 9. Bg5 Na6 10. Ne5 c5 11. e3 cxd4 12. exd4 Nc7 13. Rc1 Ne6 14. Bxf6 Bxf6
1/2-1/2

[Event "FRA Team Ch"]
[Site "SAUTRON"]
[Date "2002.03.30"]
[Round "5.4"]
[White "Crouan, Stephane"]
[Black "Sulava, Nenad"]
[Result "0-1"]
[WhiteElo "2307"]
[BlackElo "2552"]
[PlyCount "58"]
[EventDate "2002.03.??"]
[WhiteTeam "Sautron"]
[BlackTeam "Nice"]

1. e4 c5 2. Nf3 e6 3. d4 cxd4 4. Nxd4 a6 5. Bd3 Bc5 6. Nb3 Ba7 7. Qg4 Nf6 8.
Qg3 d6 9. O-O Nc6 10. Nc3 b5 11. Bg5 Bb7 12. Rad1 Ne5 13. a3 h6 14. Bxf6 Qxf6
15. Na5 Bc8 16. Kh1 Qg5 17. Be2 Qxg3 18. hxg3 Bb6 19. Nb3 Ke7 20. f4 Nc6 21.
Bf3 Bd7 22. g4 g5 23. g3 Rag8 24. Rd3 b4 25. Na4 Ba7 26. Rfd1 h5 27. gxh5 g4
28. Be2 Rxh5+ 29. Kg2 Rgh8 0-1

[Event "FRA Team Ch"]
[Site "SAUTRON"]
[Date "2002.03.30"]
[Round "5.5"]
[White "Vaisser, Anatoly"]
[Black "Gerard, Nicolas"]
[Result "1-0"]
[WhiteElo "2572"]
[BlackElo "2273"]
[PlyCount "49"]
[EventDate "2002.03.??"]
[WhiteTeam "Nice"]
[BlackTeam "Sautron"]

1. Nf3 Nf6 2. g3 g6 3. Bg2 Bg7 4. O-O O-O 5. d3 c5 6. e4 Nc6 7. Nbd2 d6 8. c3
e5 9. a3 d5 10. b4 dxe4 11. Nxe4 Nxe4 12. dxe4 Qe7 13. Be3 Rd8 14. Qa4 cxb4 15.
axb4 Bg4 16. h3 Be6 17. b5 Nb8 18. Ng5 Nd7 19. Nxe6 Qxe6 20. Rfd1 Rdc8 21. Qa2
Qe7 22. h4 Nc5 23. b6 a6 24. Rd5 Rc6 25. Rad1 1-0

[Event "FRA Team Ch"]
[Site "SAUTRON"]
[Date "2002.??.??"]
[Round "5.6"]
[White "Mullon, Jean-Baptiste"]
[Black "Brochet, Philippe"]
[Result "1-0"]
[WhiteElo "2296"]
[BlackElo "2381"]
[PlyCount "101"]
[EventDate "2002.03.??"]
[WhiteTeam "Sautron"]
[BlackTeam "Nice"]

1. e4 c5 2. Nf3 Nc6 3. Nc3 e5 4. Bc4 d6 5. d3 Be7 6. Nd5 Be6 7. c3 Nf6 8. O-O
O-O 9. Re1 Bxd5 10. Bxd5 Nxd5 11. exd5 Nb8 12. d4 exd4 13. cxd4 b6 14. Bf4 Na6
15. Qe2 Nc7 16. Qxe7 Qxe7 17. Rxe7 Nxd5 18. Bxd6 Nxe7 19. Bxe7 Rfe8 20. Bg5
cxd4 21. Nxd4 Rac8 22. g3 Rc4 23. Be3 Rd8 24. Nf3 Rc2 25. b3 Rd5 26. Nd4 Rc3
27. a4 a6 28. Kf1 Rd3 29. Rc1 Rc5 30. Rb1 Rd5 31. Nc6 Kh8 32. Ke2 Rc3 33. Nb4
Rh5 34. Rd1 h6 35. Rd3 Rxd3 36. Kxd3 a5 37. Nc2 b5 38. axb5 Rxb5 39. Kc4 Rb8
40. Nd4 Rb4+ 41. Kc5 Rb8 42. Bd2 Ra8 43. Kb5 Rd8 44. Be3 Rd5+ 45. Ka4 g5 46.
Nc6 Kh7 47. Nxa5 Kg6 48. Nc6 Kh5 49. h3 f5 50. Ne7 Re5 51. Nxf5 1-0

[Event "FRA Team Ch"]
[Site "SAUTRON"]
[Date "2002.03.30"]
[Round "5.7"]
[White "Bujisho, Benjamin"]
[Black "Marchadour, Claire"]
[Result "1-0"]
[WhiteElo "2358"]
[BlackElo "2127"]
[PlyCount "81"]
[EventDate "2002.03.??"]
[WhiteTeam "Nice"]
[BlackTeam "Sautron"]

1. e4 c5 2. Nc3 Nc6 3. g3 g6 4. Bg2 Bg7 5. d3 e6 6. Be3 d6 7. Qd2 Nd4 8. Nd1
Rb8 9. c3 Nc6 10. Ne2 Ne5 11. f4 Ng4 12. Bg1 Ne7 13. h3 Nh6 14. d4 b6 15. g4
Bb7 16. g5 Nhf5 17. exf5 Bxg2 18. Rh2 Bb7 19. f6 Bxf6 20. gxf6 Nd5 21. c4 Nxf6
22. Ndc3 O-O 23. O-O-O a6 24. dxc5 dxc5 25. Qxd8 Rfxd8 26. Ng3 Rxd1+ 27. Kxd1
Rd8+ 28. Rd2 Rxd2+ 29. Kxd2 Nd7 30. a3 e5 31. Be3 f5 32. h4 Kf7 33. b4 cxb4 34.
axb4 Ke6 35. Nge2 a5 36. b5 h6 37. Na4 Bf3 38. Nxb6 Bxe2 39. Kxe2 exf4 40. Nxd7
fxe3 41. Nc5+ 1-0

[Event "FRA Team Ch"]
[Site "SAUTRON"]
[Date "2002.03.??"]
[Round "5.9"]
[White "Nicoara, Malina"]
[Black "Guillet, Richard"]
[Result "1-0"]
[WhiteElo "2225"]
[BlackElo "2170"]
[PlyCount "135"]
[EventDate "2002.03.??"]
[WhiteTeam "Nice"]
[BlackTeam "Sautron"]

1. d4 d5 2. c4 dxc4 3. Nf3 Nf6 4. e3 e6 5. Bxc4 a6 6. O-O c5 7. Nc3 b5 8. Bb3
Bb7 9. Qe2 Nc6 10. Rd1 Qc7 11. a3 Be7 12. Bd2 cxd4 13. exd4 O-O 14. h3 Rad8 15.
Be3 Na5 16. Ba2 Nc4 17. Bxc4 bxc4 18. Ne5 Nd5 19. Qxc4 Qxc4 20. Nxc4 Nxe3 21.
fxe3 Rc8 22. Ne5 Bg5 23. Kf2 Rfd8 24. Rac1 Rc7 25. Ne2 Rdc8 26. Rxc7 Rxc7 27.
Rc1 Rxc1 28. Nxc1 a5 29. Nf3 Be7 30. Nd3 f6 31. Nc5 Bd5 32. e4 Bc6 33. Ke3 e5
34. Nb3 a4 35. Na5 exd4+ 36. Nxd4 Ba8 37. Kd3 Kf7 38. Nc4 Bc5 39. Ne3 Bb7 40.
Kc4 Bxd4 41. Kxd4 Ke6 42. g3 g6 43. h4 Bc6 44. Nc2 h6 45. Nb4 Bd7 46. Nd3 Kd6
47. e5+ fxe5+ 48. Nxe5 Be8 49. Ng4 h5 50. Ne5 Ke6 51. Ke4 Kf6 52. g4 hxg4 53.
Nxg4+ Ke6 54. Ne5 Kd6 55. Kd4 Ke6 56. Nc4 Bd7 57. Ne5 Be8 58. Ke4 Kd6 59. Nd3
Kc6 60. Ke5 Kb5 61. Kd5 Bf7+ 62. Kd4 Bb3 63. Nf4 Bc2 64. Ne2 Bf5 65. Nc3+ Ka5
66. Ke5 Bc2 67. Kf6 Bf5 68. h5 1-0

[Event "FRA Team Ch"]
[Site "SAUTRON"]
[Date "2002.??.??"]
[Round "5.2"]
[White "Piket, Jeroen"]
[Black "Flear, Glenn C"]
[Result "1/2-1/2"]
[WhiteElo "2659"]
[BlackElo "2511"]
[PlyCount "146"]
[EventDate "2002.03.??"]
[WhiteTeam "Monaco"]
[BlackTeam "Montpellier"]

1. d4 d5 2. c4 c6 3. Nc3 Nf6 4. e3 e6 5. Nf3 Nbd7 6. Bd3 dxc4 7. Bxc4 b5 8. Be2
Bb7 9. O-O Be7 10. e4 b4 11. e5 bxc3 12. exf6 Nxf6 13. bxc3 O-O 14. Rb1 Qc8 15.
Qb3 Ba6 16. Bxa6 Qxa6 17. Bg5 c5 18. Qb7 Qxb7 19. Rxb7 Bd6 20. Bxf6 gxf6 21.
Rd1 cxd4 22. Nxd4 Rfb8 23. Rxb8+ Rxb8 24. Nb3 Be5 25. c4 a5 26. Nxa5 Rb2 27. g3
Rxa2 28. Nb7 Rc2 29. c5 Kf8 30. f4 Bb2 31. Rd7 e5 32. Kf1 Bd4 33. Nd6 Bxc5 34.
Rxf7+ Kg8 35. Rc7 exf4 36. Ne4 Rxh2 37. Nxf6+ Kh8 38. Rxc5 fxg3 39. Kg1 Rf2 40.
Nh5 Kg8 41. Nxg3 Ra2 42. Rc7 h6 43. Ne4 Kf8 44. Rh7 Kg8 45. Nf6+ Kf8 46. Ng4
Kg8 47. Rc7 h5 48. Nf6+ Kf8 49. Nxh5 Ke8 50. Nf4 Rd2 51. Kf1 Kd8 52. Ra7 Kc8
53. Ke1 Rb2 54. Ne2 Kb8 55. Re7 Kc8 56. Kf2 Rb3 57. Nd4 Rd3 58. Nf5 Rb3 59. Rf7
Rd3 60. Ne3 Ra3 61. Kf3 Ra4 62. Nf5 Kb8 63. Nd6 Rb4 64. Ke3 Rb6 65. Nc4 Rb7 66.
Rf8+ Kc7 67. Kd4 Rb5 68. Rf7+ Kc6 69. Rf6+ Kd7 70. Rd6+ Ke7 71. Ra6 Rh5 72. Ne3
Kd7 73. Nd5 Rh1 1/2-1/2

[Event "FRA Team Ch"]
[Site "SAUTRON"]
[Date "2002.??.??"]
[Round "5.3"]
[White "Prie, Eric"]
[Black "Dorfman, Josif D"]
[Result "0-1"]
[WhiteElo "2497"]
[BlackElo "2602"]
[PlyCount "104"]
[EventDate "2002.03.??"]
[WhiteTeam "Montpellier"]
[BlackTeam "Monaco"]

1. e4 c6 2. d4 d5 3. e5 Bf5 4. Nf3 e6 5. Be2 Ne7 6. O-O h6 7. b3 c5 8. dxc5
Nec6 9. Be3 Nd7 10. c4 dxc4 11. Na3 Bxc5 12. Bxc5 Nxc5 13. Nxc4 O-O 14. Qc1 Qe7
15. Qe3 Rad8 16. Nd6 b6 17. Rad1 Bg6 18. Rd2 f6 19. exf6 Rxf6 20. Rfd1 e5 21.
Nc4 Rxd2 22. Rxd2 e4 23. Nd4 Nb4 24. a3 Nd5 25. Nc6 Rxc6 26. Rxd5 Bf7 27. Rd4
Bg6 28. h3 Qf6 29. Nd2 Kh7 30. Bc4 Rc7 31. b4 Ne6 32. Rxe4 Ng5 33. Re5 {
Suite illisible} 33... Rd7 34. f4 Nf7 35. Bxf7 Rxf7 36. g3 Qc6 37. Re6 Qd5 38.
Nf3 Rc7 39. g4 Rc2 40. Ne1 Ra2 41. Re7 a5 42. Qc3 Bf7 43. bxa5 bxa5 44. Re3 a4
45. Qb4 Kh8 46. Qxa4 Qc5 47. Qa8+ Bg8 48. Qe8 Qd4 49. Qe4 Qd2 50. Qf3 Qh2+ 51.
Kf1 Bc4+ 52. Nd3 Ra1+ 0-1

[Event "FRA Team Ch"]
[Site "SAUTRON"]
[Date "2002.??.??"]
[Round "5.4"]
[White "Bauer, Christian"]
[Black "Shchekachev, Andrei"]
[Result "1/2-1/2"]
[WhiteElo "2578"]
[BlackElo "2573"]
[PlyCount "61"]
[EventDate "2002.03.??"]
[WhiteTeam "Monaco"]
[BlackTeam "Montpellier"]

1. e4 c5 2. Nf3 d6 3. d4 cxd4 4. Nxd4 Nf6 5. Nc3 Nc6 6. Bg5 e6 7. Qd2 Qb6 8.
Nb3 a6 9. O-O-O Be7 10. f3 O-O 11. g4 Qc7 12. Be3 b5 13. g5 Nd7 14. Kb1 Nce5
15. Qf2 Bb7 16. Rg1 Rac8 17. a3 Ba8 18. h4 Rb8 19. Ba7 Rb7 20. Bd4 Nc6 21. Be3
b4 22. axb4 Nxb4 23. h5 Rfb8 24. Rd2 Bf8 25. g6 Nxc2 26. gxf7+ Kxf7 27. Rxc2
Rxb3 28. Ba7 Rxc3 29. Rxc3 Qxc3 30. Bxb8 Qb3 31. Ba7 1/2-1/2